Mexico and its religion; with incidents of travel in that country during parts or the years 1851-52-53-54, and historical noticies of events connected with places visited (Record no. 3632)

MARC details
000 -CABECERA
campo de control de longitud fija 00874nam a2200253 a 4500
001 - NÚMERO DE CONTROL
campo de control BRCA_3905
005 - FECHA Y HORA DE LA ÚLTIMA TRANSACCIÓN
campo de control 20190320204453.0
008 - DATOS DE LONGITUD FIJA--INFORMACIÓN GENERAL
campo de control de longitud fija 090110s1856----enka######---#000-0#eng-#
041 ## - CÓDIGO DE LENGUA
Código de lengua del texto/banda sonora o título independiente eng
044 ## - CÓDIGO DEL PAÍS DE LA ENTIDAD EDITORA/PRODUCTORA
Código MARC del país enk
050 #4 - SIGNATURA TOPOGRÁFICA DE LA BIBLIOTECA DEL CONGRESO
Número de clasificación F1213
Número de documento/Ítem .W55 1856
100 1# - ENTRADA PRINCIPAL--NOMBRE DE PERSONA
Nombre de persona Wilson, Robert Anderson
Fechas asociadas al nombre 1812-1872.
9 (RLIN) 7997
245 10 - MENCIÓN DE TÍTULO
Título Mexico and its religion; with incidents of travel in that country during parts or the years 1851-52-53-54, and historical noticies of events connected with places visited
Mención de responsabilidad, etc. by Robert A. Wilson.
260 ## - PUBLICACIÓN, DISTRIBUCIÓN, ETC.
Lugar de publicación, distribución, etc. London
Nombre del editor, distribuidor, etc. Sampson Low
Fecha de publicación, distribución, etc. 1856
300 ## - DESCRIPCIÓN FÍSICA
Extensión 406 p.
Otras características físicas il., retratos
Dimensiones 21 cm.
500 ## - NOTA GENERAL
Nota general Incluye apéndice: p. 391-406.
500 ## - NOTA GENERAL
Nota general C51
650 14 - PUNTO DE ACCESO ADICIONAL DE MATERIA--TÉRMINO DE MATERIA
Término de materia o nombre geográfico como elemento de entrada Viajeros ingleses
9 (RLIN) 7018
650 14 - PUNTO DE ACCESO ADICIONAL DE MATERIA--TÉRMINO DE MATERIA
Término de materia o nombre geográfico como elemento de entrada Historia
Subdivisión cronológica 1821-1861
9 (RLIN) 10153
651 #4 - PUNTO DE ACCESO ADICIONAL DE MATERIA--NOMBRE GEOGRÁFICO
Nombre geográfico México
Subdivisión de forma Descripción y viajes
9 (RLIN) 10154
651 #4 - PUNTO DE ACCESO ADICIONAL DE MATERIA--NOMBRE GEOGRÁFICO
Nombre geográfico México
Subdivisión de forma Religión
9 (RLIN) 10155
902 ## - CATALOGADOR
Iniciales GFM
942 ## - ELEMENTOS DE PUNTO DE ACCESO ADICIONAL (KOHA)
Fuente del sistema de clasificación o colocación Library of Congress Classification
Tipo de ítem Koha Libros
Holdings
Estado de retiro Estado de pérdida Estado dañado No para préstamo Localización permanente Ubicación/localización actual Fecha de adquisición Número de inventario Total de préstamos Signatura topográfica completa Código de barras Fecha visto por última vez Precio válido a partir de Tipo de ítem Koha
El ejemplar forma parte de la colección y puede ser consultado según las políticas vigentes.       Biblioteca del Museo Franz Mayer (Rogerio Casas-Alatriste) Biblioteca del Museo Franz Mayer (Rogerio Casas-Alatriste) 09/01/2010 C51   F1213 .W55 1856 (C51) 3902 22/03/2019 22/03/2019 Libros